Balanced scorecard for corporate real estate (CRE) practice in higher education institutions

Bibliographic Details
Main Author: Ahmad Shazrin Mohamed Azmi
Other Authors: Abdul Hadi Nawawi, Hamimah Adnan
Format: Book
Language:English
Published: Shah Alam : UiTM Press , 2013
Subjects:

MARC

LEADER 00000cam a2200000 7i4500
001 0000025221
005 20140401.0
008 200314 my eng
020 |a 9789673634453 ,   |c RM29.40 
040 |a INS 
090 0 0 |a HD890.6   |b A46 2013 
100 1 |a Ahmad Shazrin Mohamed Azmi 
245 1 0 |a Balanced scorecard for corporate real estate (CRE) practice in higher education institutions   |c Ahmad Shazrin Mohamed Azmi, Abdul Hadi Nawawi, Hamimah Adnan 
260 |a Shah Alam :   |b UiTM Press ,   |c 2013 
300 |a xvi,137p :   |b il ;   |c 23cm. 
500 |a Bibliography: p.129 
500 |a Includes index 
650 0 |a Corporations   |x Real estate investments   |z Malaysia 
700 1 |a Abdul Hadi Nawawi 
700 1 |a Hamimah Adnan 
999 |a 1000001508   |b BOOK   |c Open Shelf   |e Default branch